00242nam a2200109Ia 4500008004100000100001600041245002100057260002000078650001000098942000700108999001700115190216s9999||||xx |||||||||||||| ||und|| aPanikkar Km 0aParanki Padayali bB V Books Depot aNovel cBK c25760d25760